Costa Rica field guide: birds of the pacific coast, tropical rainforest (Registro nro. 12178)

Detalles MARC
000 -CABECERA
campo de control de longitud fija 00685nam a22002417a 4500
005 - FECHA Y HORA DE ACTUALIZACIÓN
campo de control 20190812182930.0
008 - LONGITUD FIJA
campo de control de longitud fija 190723b xxu||||| |||| 00| 0 spa d
041 ## - IDIOMA
Código de idioma del texto/pista de sonido o título separado
082 ## - CLASIFICACIÓN DECIMAL DEWEY
Número de clasificación Láminas
245 ## - TÍTULO PROPIAMENTE DICHO
Título Costa Rica field guide: birds of the pacific coast, tropical rainforest
260 ## - PIE DE IMPRENTA
Lugar de publicación, distribución, etc. Costa Rica
260 ## - PIE DE IMPRENTA
Nombre del editor, distribuidor, etc. Rainforest Publications
260 ## - PIE DE IMPRENTA
Fecha de publicación, distribución, etc. 2003
650 ## - Materia General
Materia general MATERIAL DIDÁCTICO
650 ## - Materia General
Materia general COSTA RICA
650 ## - Materia General
Materia general AVES
650 ## - Materia General
Materia general CARARA
650 ## - Materia General
Materia general MANUEL ANTONIO
650 ## - Materia General
Materia general PENÍNSULA DE OSA
650 ## - Materia General
Materia general COSTA DEL PACÍFICO
650 ## - Materia General
Materia general BOSQUE TROPICAL LLUVIOSO
942 ## - Punto de Acceso Adicional Koha
Tipo de ítem Koha Material didáctico
Existencias
Estado perdido Fuente de clasificación o esquema de estantería Estado dañado No para préstamo Biblioteca permanente Biblioteca actual Signatura completa Código de barras Tipo de ítem
  Dewey Decimal Classification     Departamento de Biblioteca y Documentación Alfonso Chase Brenes Departamento de Biblioteca y Documentación Alfonso Chase Brenes Láminas 978188853806901 Material didáctico